|
|
|
|
| LEADER |
00000cam a2200000 a 4500 |
| 001 |
vtls001332520 |
| 003 |
SK-MaSNL |
| 005 |
20260301182959.0 |
| 008 |
240709s1998 xo a ar 000 p slo |
| 015 |
|
|
|a SNBA1998/10-03513
|
| 020 |
|
|
|a 8085507439
|q (viaz.)
|
| 035 |
|
|
|a SNK000285421
|
| 035 |
|
|
|a urn:nbn:sk:snk-amkrsg
|
| 035 |
|
|
|a urn:nbn:sk:snk-am005bal
|
| 035 |
|
|
|a 91682D10-8239-4A16-98C9-05ABADBB6597
|
| 040 |
|
|
|a SNK
|b slo
|c SNK
|e AACR2
|
| 041 |
0 |
|
|a slo
|
| 044 |
|
|
|a xo
|c SK
|
| 072 |
|
7 |
|a 821.162.4-1
|x Slovenská poézia
|2 konspekt
|
| 072 |
|
7 |
|a 821-93
|x Literatúra pre deti a mládež (beletria)
|2 konspekt
|
| 080 |
|
|
|a 885.4-1(087.5)
|2 1981
|
| 100 |
1 |
|
|a Podjavorinská, Ľudmila,
|d 1872-1951
|4 aut
|9 91301
|
| 245 |
1 |
0 |
|a Žabiatko
|b z tvorby Tety Ľudmily pre najmenšie deti
|c Ľudmila Podjavorinská ; ilustrovala a doslov napísala Ľuba Končeková-Veselá
|
| 250 |
|
|
|a 3. vyd.
|
| 260 |
|
|
|a Bratislava
|b Buvik
|c 1998
|
| 300 |
|
|
|a 87 s.
|b fareb. ilustr.
|c 17 cm
|
| 500 |
|
|
|a Ilustrovaná rozložená titulná strana
|
| 655 |
|
7 |
|a slovenská poézia
|2 SNKPH
|9 70444
|
| 655 |
|
7 |
|a poézia pre deti
|2 SNKPH
|9 86748
|
| 655 |
|
7 |
|a literatúra pre deti
|2 SNKPH
|9 87135
|
| 700 |
1 |
|
|a Končeková-Veselá, Ľuba,
|d 1942-
|4 ill
|4 aft
|9 219100
|
| 852 |
|
|
|a Slovenská národná knižnica
|
| 919 |
|
|
|a 80-85507-43-9
|
| 954 |
|
|
|a beletria pôvodná (slovenská)
|2 lita
|
| 958 |
|
|
|a LX
|
| 958 |
|
|
|a DB
|
| 999 |
|
|
|c 855433
|d 857363
|
| 952 |
|
|
|t P60, <03>, [BOOK], {603}
|a SNK
|b SNK
|y PREZ
|7 0
|p 17A0141805
|o snkSD 68939
|i snkKSP 5617/98
|0 0
|1 0
|4 0
|d 1998-05-29
|l 0
|r 2005-01-02 00:00:00
|w 2026-02-24
|
| 952 |
|
|
|t P60, <04>, [BOOK], {604}
|a SNK
|b SNK
|y VYP
|7 0
|p 17A0141804
|o snkSD 68939 D1
|i snkKSP 5618/98
|0 0
|1 0
|4 0
|d 1998-05-29
|f 1
|l 0
|r 2005-01-02 00:00:00
|w 2026-02-24
|